[Event "Deutsche Ländermeisterschaft 2014"]
[Site "Hannover GER"]
[Date "2014.10.04"]
[Round "3"]
[White "Zahn, Alina"]
[Black "Perske, Thore"]
[Result "0-1"]
[Termination "normal"]
[Board "4.3"]
[WhiteElo "2024"]
[BlackElo "2275"]
[WhiteClock "00:11:27"]
[BlackClock "00:12:56"]
[WhiteTeam "Thüringen"]
[BlackTeam "Rheinland-Pfalz"]
[PlyCount "99"]
[WhiteFideId "24696730"]
[BlackFideId "12902195"]
[EventCountry "GER"]
[EventRounds "7"]
[EventType "team-swiss"]
[EventDate "2014.10.02"]

1. e4 {[%clk 1:30:57]} e6 {[%clk 1:30:47]} 2. d4 {[%clk 1:31:22]} d5 {[%clk
1:31:11]} 3. Nc3 {[%clk 1:31:42]} Nf6 {[%clk 1:31:01]} 4. e5 {[%clk 1:32:02]}
Nfd7 {[%clk 1:31:29]} 5. f4 {[%clk 1:32:17]} c5 {[%clk 1:31:50]} 6. Nf3 {[%clk
1:32:23]} Nc6 {[%clk 1:32:01]} 7. Be3 {[%clk 1:32:21]} cxd4 {[%clk 1:31:19]} 8.
Nxd4 {[%clk 1:32:35]} Bc5 {[%clk 1:31:41]} 9. Qd2 {[%clk 1:31:43]} O-O {[%clk
1:30:54]} 10. O-O-O {[%clk 1:31:35]} a6 {[%clk 1:30:55]} 11. Qf2 {[%clk
1:30:31]} Nxd4 {[%clk 1:29:13]} 12. Bxd4 {[%clk 1:30:23]} Qc7 {[%clk 1:28:48]}
13. Kb1 {[%clk 1:23:03]} b5 {[%clk 1:27:24]} 14. h4 {[%clk 1:20:05]} b4 {[%clk
1:21:46]} 15. Na4 {[%clk 1:17:09]} Bxd4 {[%clk 1:20:18]} 16. Qxd4 {[%clk
1:15:34]} a5 {[%clk 1:20:35]} 17. b3 {[%clk 1:12:32]} Ba6 {[%clk 1:06:12]} 18.
h5 {[%clk 1:09:20]} h6 {[%clk 0:51:26]} 19. g4 {[%clk 1:06:02]} Rfc8 {[%clk
0:50:28]} 20. Rc1 {[%clk 1:04:36]} Bxf1 {[%clk 0:46:58]} 21. Rhxf1 {[%clk
1:04:20]} Nc5 {[%clk 0:44:38]} 22. Nxc5 {[%clk 0:59:10]} Qxc5 {[%clk 0:45:00]}
23. Qxc5 {[%clk 0:57:39]} Rxc5 {[%clk 0:45:28]} 24. Rf3 {[%clk 0:56:58]} Rac8
{[%clk 0:44:20]} 25. Kb2 {[%clk 0:53:54]} Kf8 {[%clk 0:29:39]} 26. Rd3 {[%clk
0:49:17]} Ke7 {[%clk 0:29:28]} 27. Rd2 {[%clk 0:47:09]} Rc3 {[%clk 0:27:38]}
28. Rd3 {[%clk 0:45:31]} f6 {[%clk 0:24:47]} 29. exf6+ {[%clk 0:39:03]} gxf6
{[%clk 0:23:08]} 30. Rd2 {[%clk 0:36:16]} Rg3 {[%clk 0:21:08]} 31. f5 {[%clk
0:34:38]} Rxg4 {[%clk 0:20:03]} 32. fxe6 {[%clk 0:32:52]} Kxe6 {[%clk 0:19:54]}
33. Re1+ {[%clk 0:31:52]} Re4 {[%clk 0:19:51]} 34. Rg1 {[%clk 0:31:28]} Re5
{[%clk 0:19:34]} 35. Rh2 {[%clk 0:31:06]} Rg5 {[%clk 0:19:30]} 36. Re1+ {[%clk
0:30:01]} Kd6 {[%clk 0:19:24]} 37. Rf1 {[%clk 0:28:51]} f5 {[%clk 0:18:32]} 38.
Re1 {[%clk 0:25:35]} f4 {[%clk 0:09:08]} 39. Rhe2 {[%clk 0:18:58]} Rf8 {[%clk
0:08:28]} 40. Re6+ {[%clk 0:07:16]} Kc5 {[%clk 0:08:51]} 41. Rxh6 {[%clk
0:03:21]} f3 {[%clk 0:06:41]} 42. Rf1 {[%clk 0:03:01]} Kd4 {[%clk 0:28:12]} 43.
Kc1 {[%clk 0:28:37]} Ke3 {[%clk 0:16:09]} 44. Kd1 {[%clk 0:25:29]} f2 {[%clk
0:14:05]} 45. Re6+ {[%clk 0:23:06]} Kf3 {[%clk 0:14:26]} 46. Kd2 {[%clk
0:18:36]} Kg2 {[%clk 0:11:55]} 47. Ke2 {[%clk 0:18:36]} Rff5 {[%clk 0:12:19]}
48. Re3 {[%clk 0:18:12]} Rxh5 {[%clk 0:12:35]} 49. Re6 {[%clk 0:11:27]} Re5+
{[%clk 0:12:56]} 50. Rh1 0-1

[Event "Deutsche Ländermeisterschaft 2014"]
[Site "Hannover GER"]
[Date "2014.10.04"]
[Round "3"]
[White "Muckle, Julius"]
[Black "Nguyen, Huy Dat"]
[Result "1/2-1/2"]
[Termination "normal"]
[Board "4.4"]
[WhiteElo "1995"]
[BlackElo "1952"]
[WhiteClock "00:21:16"]
[BlackClock "00:49:23"]
[WhiteTeam "Rheinland-Pfalz"]
[BlackTeam "Thüringen"]
[PlyCount "209"]
[WhiteFideId "12942430"]
[BlackFideId "12923486"]
[EventCountry "GER"]
[EventRounds "7"]
[EventType "team-swiss"]
[EventDate "2014.10.02"]

1. d4 {[%clk 1:31:23]} Nf6 {[%clk 1:30:52]} 2. c4 {[%clk 1:31:23]} e6 {[%clk
1:30:52]} 3. Nc3 {[%clk 1:31:23]} Bb4 {[%clk 1:30:52]} 4. Nf3 {[%clk 1:31:23]}
O-O {[%clk 1:30:52]} 5. Bg5 {[%clk 1:31:23]} d5 {[%clk 1:30:52]} 6. e3 {[%clk
1:31:23]} c6 {[%clk 1:30:52]} 7. Qc2 {[%clk 1:30:19]} h6 {[%clk 1:29:08]} 8.
Bh4 {[%clk 1:30:44]} Nbd7 {[%clk 1:29:05]} 9. a3 {[%clk 1:30:47]} Be7 {[%clk
1:29:01]} 10. Be2 {[%clk 1:29:08]} b6 {[%clk 1:25:13]} 11. O-O {[%clk 1:29:11]}
Bb7 {[%clk 1:25:18]} 12. e4 {[%clk 1:17:15]} dxe4 {[%clk 1:23:14]} 13. Nxe4
{[%clk 1:17:20]} Nxe4 {[%clk 1:23:20]} 14. Bxe7 {[%clk 1:16:06]} Qxe7 {[%clk
1:23:44]} 15. Qxe4 {[%clk 1:16:30]} Nf6 {[%clk 1:23:33]} 16. Qe3 {[%clk
1:14:53]} Rfd8 {[%clk 1:19:46]} 17. b4 {[%clk 1:12:37]} a5 {[%clk 1:14:51]} 18.
Rab1 {[%clk 0:59:38]} axb4 {[%clk 1:13:46]} 19. Rxb4 {[%clk 0:58:25]} b5 {[%clk
1:03:19]} 20. Qb3 {[%clk 0:46:20]} Ba6 {[%clk 1:01:26]} 21. Ne5 {[%clk
0:36:04]} bxc4 {[%clk 1:00:24]} 22. Bxc4 {[%clk 0:35:45]} Bxc4 {[%clk 1:00:37]}
23. Qxc4 {[%clk 0:35:10]} Rdc8 {[%clk 1:00:07]} 24. Nxc6 {[%clk 0:29:25]} Qd6
{[%clk 0:59:48]} 25. Rc1 {[%clk 0:29:43]} Nd5 {[%clk 0:59:39]} 26. Ra4 {[%clk
0:26:53]} Nb6 {[%clk 0:54:23]} 27. Rxa8 {[%clk 0:27:16]} Rxa8 {[%clk 0:54:49]}
28. Qc5 {[%clk 0:27:17]} Qxc5 {[%clk 0:54:29]} 29. dxc5 {[%clk 0:21:47]} Nd5
{[%clk 0:54:52]} 30. Nb4 {[%clk 0:12:01]} Rxa3 {[%clk 0:55:04]} 31. c6 {[%clk
0:10:10]} Nxb4 {[%clk 0:53:49]} 32. c7 {[%clk 0:10:26]} Ra8 {[%clk 0:54:15]}
33. c8=Q+ {[%clk 0:10:44]} Rxc8 {[%clk 0:54:41]} 34. Rxc8+ {[%clk 0:11:09]} Kh7
{[%clk 0:55:07]} 35. Rc7 {[%clk 0:10:49]} Kg6 {[%clk 0:55:13]} 36. g3 {[%clk
0:10:48]} Nd5 {[%clk 0:55:11]} 37. Ra7 {[%clk 0:11:10]} Kf6 {[%clk 0:53:32]}
38. Kg2 {[%clk 0:10:55]} Kg6 {[%clk 0:51:07]} 39. f4 {[%clk 0:10:52]} h5 {[%clk
0:50:13]} 40. Kf3 {[%clk 0:10:56]} Nf6 {[%clk 0:48:26]} 41. h3 {[%clk 0:11:13]}
Nd5 {[%clk 0:48:13]} 42. Ke4 {[%clk 0:10:07]} Kf6 {[%clk 0:48:07]} 43. Ra5
{[%clk 0:05:01]} Nc3+ {[%clk 0:45:22]} 44. Kf3 {[%clk 0:03:15]} Nd5 {[%clk
0:45:12]} 45. g4 {[%clk 0:03:14]} hxg4+ {[%clk 0:44:15]} 46. hxg4 {[%clk
0:02:32]} g6 {[%clk 0:44:15]} 47. Rc5 {[%clk 0:02:32]} Ke7 {[%clk 0:42:44]} 48.
Rc1 {[%clk 0:02:29]} Kf6 {[%clk 0:41:40]} 49. Ke4 {[%clk 0:02:12]} g5 {[%clk
0:39:55]} 50. f5 {[%clk 0:01:57]} Nf4 {[%clk 0:37:40]} 51. Rf1 {[%clk 0:29:09]}
exf5+ {[%clk 1:06:48]} 52. gxf5 {[%clk 0:29:10]} Ne2 {[%clk 1:05:48]} 53. Rf3
{[%clk 0:28:19]} Nf4 {[%clk 1:02:34]} 54. Ra3 {[%clk 0:27:56]} Nh5 {[%clk
1:01:53]} 55. Ra6+ {[%clk 0:28:02]} Kg7 {[%clk 1:01:57]} 56. Kf3 {[%clk
0:27:25]} f6 {[%clk 1:00:23]} 57. Ra7+ {[%clk 0:27:13]} Kg8 {[%clk 0:59:51]}
58. Ke4 {[%clk 0:26:56]} Ng3+ {[%clk 0:59:30]} 59. Kd5 {[%clk 0:27:18]} Nxf5
{[%clk 0:59:47]} 60. Ke6 {[%clk 0:27:25]} Ng7+ {[%clk 0:58:23]} 61. Kxf6 {[%clk
0:27:37]} Ne8+ {[%clk 0:58:33]} 62. Kxg5 {[%clk 0:27:23]} Ng7 {[%clk 0:56:26]}
63. Kf6 {[%clk 0:26:28]} Ne8+ {[%clk 0:56:47]} 64. Kg6 {[%clk 0:26:02]} Kf8
{[%clk 0:56:36]} 65. Rf7+ {[%clk 0:25:08]} Kg8 {[%clk 0:57:01]} 66. Rf1 {[%clk
0:25:25]} Ng7 {[%clk 0:55:31]} 67. Kf6 {[%clk 0:23:15]} Kf8 {[%clk 0:53:49]}
68. Rf2 {[%clk 0:23:27]} Ne8+ {[%clk 0:53:09]} 69. Ke6+ {[%clk 0:23:36]} Kg8
{[%clk 0:53:17]} 70. Ke7 {[%clk 0:22:57]} Ng7 {[%clk 0:53:35]} 71. Rh2 {[%clk
0:22:52]} Nf5+ {[%clk 0:53:43]} 72. Kf6 {[%clk 0:22:53]} Nd6 {[%clk 0:53:59]}
73. Ra2 {[%clk 0:21:23]} Ne8+ {[%clk 0:54:04]} 74. Ke7 {[%clk 0:21:21]} Ng7
{[%clk 0:54:15]} 75. Ra8+ {[%clk 0:20:24]} Kh7 {[%clk 0:54:33]} 76. Ra5 {[%clk
0:19:27]} Kg6 {[%clk 0:54:04]} 77. Ra1 {[%clk 0:19:20]} Nf5+ {[%clk 0:53:34]}
78. Kf8 {[%clk 0:19:29]} Kf6 {[%clk 0:53:25]} 79. Kg8 {[%clk 0:19:39]} Ne7+
{[%clk 0:53:21]} 80. Kh7 {[%clk 0:19:46]} Nf5 {[%clk 0:53:00]} 81. Ra6+ {[%clk
0:19:50]} Kg5 {[%clk 0:52:37]} 82. Rg6+ {[%clk 0:19:59]} Kf4 {[%clk 0:53:01]}
83. Rg1 {[%clk 0:20:21]} Ke5 {[%clk 0:52:16]} 84. Kg6 {[%clk 0:20:34]} Nh4+
{[%clk 0:51:21]} 85. Kh5 {[%clk 0:20:48]} Nf5 {[%clk 0:51:22]} 86. Re1+ {[%clk
0:20:16]} Kf4 {[%clk 0:51:11]} 87. Rf1+ {[%clk 0:20:20]} Ke5 {[%clk 0:50:02]}
88. Kg5 {[%clk 0:20:37]} Nd6 {[%clk 0:49:10]} 89. Re1+ {[%clk 0:20:55]} Ne4+
{[%clk 0:48:46]} 90. Kg4 {[%clk 0:21:15]} Kd4 {[%clk 0:48:39]} 91. Kf4 {[%clk
0:21:30]} Nd2 {[%clk 0:48:29]} 92. Re8 {[%clk 0:21:41]} Nc4 {[%clk 0:48:26]}
93. Rd8+ {[%clk 0:21:54]} Kc5 {[%clk 0:48:43]} 94. Rd1 {[%clk 0:21:39]} Nd6
{[%clk 0:48:00]} 95. Ke5 {[%clk 0:21:33]} Nc4+ {[%clk 0:48:15]} 96. Ke6 {[%clk
0:21:35]} Ne3 {[%clk 0:47:50]} 97. Rd8 {[%clk 0:21:40]} Nc4 {[%clk 0:48:00]}
98. Rd5+ {[%clk 0:21:44]} Kb4 {[%clk 0:48:15]} 99. Rh5 {[%clk 0:21:30]} Kc3
{[%clk 0:48:15]} 100. Rh4 {[%clk 0:21:29]} Kd3 {[%clk 0:48:12]} 101. Kd5 {[%clk
0:21:34]} Ne3+ {[%clk 0:48:23]} 102. Kc5 {[%clk 0:21:54]} Kc3 {[%clk 0:48:46]}
103. Ra4 {[%clk 0:21:09]} Kd3 {[%clk 0:49:05]} 104. Ra3+ {[%clk 0:21:16]} Ke4
{[%clk 0:49:23]} 105. Ra4+ 1/2-1/2

[Event "Deutsche Ländermeisterschaft 2014"]
[Site "Hannover GER"]
[Date "2014.10.04"]
[Round "3"]
[White "Scheftlein, Richard"]
[Black "Schwarz, Larissa"]
[Result "1/2-1/2"]
[Termination "normal"]
[Board "4.5"]
[WhiteElo "1999"]
[BlackElo "1951"]
[WhiteClock "00:12:24"]
[BlackClock "00:26:16"]
[WhiteTeam "Thüringen"]
[BlackTeam "Rheinland-Pfalz"]
[PlyCount "84"]
[WhiteFideId "12945609"]
[BlackFideId "24699004"]
[EventCountry "GER"]
[EventRounds "7"]
[EventType "team-swiss"]
[EventDate "2014.10.02"]

1. d4 {[%clk 1:30:52]} Nf6 {[%clk 1:30:57]} 2. c4 {[%clk 1:31:06]} g6 {[%clk
1:31:18]} 3. Nc3 {[%clk 1:31:16]} d5 {[%clk 1:31:44]} 4. Nf3 {[%clk 1:31:33]}
Bg7 {[%clk 1:31:34]} 5. e3 {[%clk 1:31:42]} O-O {[%clk 1:31:36]} 6. Qb3 {[%clk
1:31:38]} dxc4 {[%clk 1:30:17]} 7. Bxc4 {[%clk 1:31:17]} e6 {[%clk 1:20:36]} 8.
O-O {[%clk 1:29:41]} Nc6 {[%clk 1:17:33]} 9. Bb5 {[%clk 1:29:41]} Na5 {[%clk
1:17:33]} 10. Qa3 {[%clk 1:29:41]} c6 {[%clk 1:17:33]} 11. Be2 {[%clk 1:29:41]}
b6 {[%clk 1:17:33]} 12. b4 {[%clk 1:29:41]} Nb7 {[%clk 1:17:33]} 13. Ne5 {[%clk
1:29:41]} Qd6 {[%clk 1:05:58]} 14. Rd1 {[%clk 1:15:18]} Nd5 {[%clk 0:59:56]}
15. Ne4 {[%clk 1:11:13]} Qc7 {[%clk 0:56:44]} 16. Bb2 {[%clk 1:11:12]} Nd6
{[%clk 0:54:17]} 17. Nxd6 {[%clk 1:08:25]} Qxd6 {[%clk 0:54:42]} 18. b5 {[%clk
1:08:04]} Bxe5 {[%clk 1:08:26]} 19. dxe5 {[%clk 0:44:54]} Qxa3 {[%clk 1:08:49]}
20. Bxa3 {[%clk 0:45:01]} c5 21. Bc4 {[%clk 0:57:01]} Bb7 {[%clk 0:44:00]} 22.
e4 {[%clk 0:52:21]} Nc3 {[%clk 0:41:22]} 23. Rd7 {[%clk 0:20:19]} Bxe4 {[%clk
0:39:28]} 24. Rc1 {[%clk 0:20:23]} Na4 {[%clk 0:32:09]} 25. Bb3 {[%clk
0:20:15]} a6 {[%clk 0:31:05]} 26. Rc4 {[%clk 0:20:02]} axb5 {[%clk 0:27:41]}
27. Rxe4 {[%clk 0:20:24]} Nc3 {[%clk 0:27:58]} 28. Re3 {[%clk 0:13:40]} Rxa3
{[%clk 0:28:02]} 29. Rxc3 {[%clk 0:14:00]} c4 {[%clk 0:28:20]} 30. Rb7 {[%clk
0:13:01]} cxb3 {[%clk 0:27:52]} 31. Rxb3 {[%clk 0:13:20]} Rxa2 {[%clk 0:19:41]}
32. g3 {[%clk 0:13:40]} Re2 {[%clk 0:19:17]} 33. Rxb5 {[%clk 0:13:58]} Rc8
{[%clk 0:17:45]} 34. Rb3 {[%clk 0:14:04]} Rxe5 {[%clk 0:16:22]} 35. R7xb6
{[%clk 0:13:12]} Rec5 {[%clk 0:09:20]} 36. Rb7 {[%clk 0:12:55]} R8c7 {[%clk
0:08:56]} 37. Rb8+ {[%clk 0:12:58]} Kg7 {[%clk 0:08:24]} 38. h4 {[%clk
0:13:19]} Rc2 {[%clk 0:06:19]} 39. Kg2 {[%clk 0:12:29]} Rd2 {[%clk 0:05:28]}
40. Rf3 {[%clk 0:12:35]} Re7 {[%clk 0:02:58]} 41. Re3 {[%clk 0:12:06]} Rc7
{[%clk 0:00:54]} 42. Rb5 {[%clk 0:12:24]} Rcc2 {[%clk 0:26:16]} 1/2-1/2

[Event "Deutsche Ländermeisterschaft 2014"]
[Site "Hannover GER"]
[Date "2014.10.04"]
[Round "3"]
[White "Sanati, Charlotte"]
[Black "Ratay, Meike"]
[Result "1-0"]
[Termination "normal"]
[Board "4.6"]
[WhiteElo "1772"]
[BlackElo "1575"]
[WhiteClock "00:27:04"]
[BlackClock "00:18:19"]
[WhiteTeam "Rheinland-Pfalz"]
[BlackTeam "Thüringen"]
[PlyCount "73"]
[WhiteFideId "12907707"]
[BlackFideId "12977608"]
[EventCountry "GER"]
[EventRounds "7"]
[EventType "team-swiss"]
[EventDate "2014.10.02"]

1. e4 {[%clk 1:30:59]} e5 {[%clk 1:30:56]} 2. Nf3 {[%clk 1:31:25]} Nc6 {[%clk
1:31:21]} 3. Bb5 {[%clk 1:31:49]} a6 {[%clk 1:31:38]} 4. Ba4 {[%clk 1:32:15]}
Nf6 {[%clk 1:31:47]} 5. O-O {[%clk 1:32:27]} b5 {[%clk 1:32:05]} 6. Bb3 {[%clk
1:32:51]} Be7 {[%clk 1:32:15]} 7. Re1 {[%clk 1:32:55]} d6 {[%clk 1:32:06]} 8.
h3 {[%clk 1:32:59]} O-O {[%clk 1:31:55]} 9. c3 {[%clk 1:33:04]} Na5 {[%clk
1:32:05]} 10. Bc2 {[%clk 1:33:09]} c5 {[%clk 1:32:08]} 11. d4 {[%clk 1:32:05]}
Qc7 {[%clk 1:32:05]} 12. Nbd2 {[%clk 1:30:46]} Be6 {[%clk 1:30:27]} 13. d5
{[%clk 1:28:47]} Bd7 {[%clk 1:30:41]} 14. Nf1 {[%clk 1:28:32]} Rfc8 {[%clk
1:26:29]} 15. b3 {[%clk 1:25:13]} Rab8 {[%clk 1:17:30]} 16. Ng3 {[%clk
1:23:16]} c4 {[%clk 1:11:29]} 17. b4 {[%clk 1:22:12]} Nb7 {[%clk 1:11:50]} 18.
Nh4 {[%clk 1:17:56]} g6 {[%clk 1:04:27]} 19. Bg5 {[%clk 1:09:34]} Nxd5 {[%clk
0:59:52]} 20. Bxe7 {[%clk 1:01:17]} Nxe7 {[%clk 1:00:09]} 21. Qd2 {[%clk
1:00:22]} Kg7 {[%clk 0:56:11]} 22. Qg5 {[%clk 0:57:49]} f6 {[%clk 0:53:23]} 23.
Nh5+ {[%clk 0:57:26]} Kg8 {[%clk 0:50:35]} 24. Nxf6+ {[%clk 0:57:41]} Kg7
{[%clk 0:43:45]} 25. Nh5+ {[%clk 0:51:29]} Kg8 {[%clk 0:43:04]} 26. Qxe7 {[%clk
0:49:41]} gxh5 {[%clk 0:43:10]} 27. Re3 {[%clk 0:48:36]} Bxh3 {[%clk 0:34:21]}
28. Qg5+ {[%clk 0:41:53]} Kh8 {[%clk 0:33:01]} 29. Rxh3 {[%clk 0:39:47]} Qf7
{[%clk 0:30:31]} 30. Rf3 {[%clk 0:36:37]} Rg8 {[%clk 0:28:49]} 31. Rxf7 {[%clk
0:34:12]} Rxg5 {[%clk 0:28:44]} 32. Nf5 {[%clk 0:33:18]} Rg6 {[%clk 0:25:50]}
33. a4 {[%clk 0:30:32]} Kg8 {[%clk 0:18:32]} 34. Rd7 {[%clk 0:30:04]} Rf6
{[%clk 0:18:08]} 35. axb5 {[%clk 0:28:29]} axb5 {[%clk 0:18:27]} 36. Ne7+
{[%clk 0:27:07]} Kf8 {[%clk 0:18:19]} 37. Nc6 {[%clk 0:27:04]} 1-0

[Event "Deutsche Ländermeisterschaft 2014"]
[Site "Hannover GER"]
[Date "2014.10.04"]
[Round "3"]
[White "Grund, Sebastian"]
[Black "Yankelevich, Michael"]
[Result "1/2-1/2"]
[Termination "normal"]
[Board "4.7"]
[WhiteElo "1791"]
[BlackElo "1673"]
[WhiteClock "01:06:48"]
[BlackClock "01:14:39"]
[WhiteTeam "Thüringen"]
[BlackTeam "Rheinland-Pfalz"]
[PlyCount "71"]
[WhiteFideId "12988626"]
[BlackFideId "12921440"]
[EventCountry "GER"]
[EventRounds "7"]
[EventType "team-swiss"]
[EventDate "2014.10.02"]

1. Nf3 {[%clk 1:30:55]} d5 {[%clk 1:30:52]} 2. g3 {[%clk 1:31:13]} e6 {[%clk
1:31:15]} 3. Bg2 {[%clk 1:31:11]} Nf6 {[%clk 1:31:34]} 4. O-O {[%clk 1:31:12]}
Bd6 {[%clk 1:31:56]} 5. c4 {[%clk 1:30:10]} c6 {[%clk 1:32:20]} 6. cxd5 {[%clk
1:30:00]} cxd5 {[%clk 1:32:41]} 7. d4 {[%clk 1:29:59]} b6 {[%clk 1:32:58]} 8.
Nc3 {[%clk 1:30:03]} Ba6 {[%clk 1:32:46]} 9. Re1 {[%clk 1:29:21]} O-O {[%clk
1:32:01]} 10. a3 {[%clk 1:28:47]} Bb7 {[%clk 1:31:52]} 11. Nd2 {[%clk 1:27:51]}
Nc6 {[%clk 1:30:53]} 12. e4 {[%clk 1:27:13]} dxe4 {[%clk 1:30:49]} 13. Ndxe4
{[%clk 1:27:30]} Nxe4 {[%clk 1:30:41]} 14. Nxe4 {[%clk 1:27:31]} Be7 {[%clk
1:30:47]} 15. Nc3 {[%clk 1:27:11]} Bf6 {[%clk 1:29:52]} 16. d5 {[%clk 1:24:32]}
Bxc3 {[%clk 1:29:19]} 17. dxc6 {[%clk 1:24:50]} Bxe1 {[%clk 1:29:30]} 18. Qxe1
{[%clk 1:24:52]} Bxc6 {[%clk 1:29:04]} 19. Bxc6 {[%clk 1:25:04]} Rc8 {[%clk
1:29:27]} 20. Bg2 {[%clk 1:25:05]} Qd4 {[%clk 1:29:34]} 21. Qd2 {[%clk
1:19:55]} Qc4 {[%clk 1:29:05]} 22. Bf1 {[%clk 1:18:37]} Qe4 {[%clk 1:28:30]}
23. Qd3 {[%clk 1:16:12]} Qxd3 {[%clk 1:26:13]} 24. Bxd3 {[%clk 1:16:09]} Rfd8
{[%clk 1:26:26]} 25. Be2 {[%clk 1:15:34]} Rc2 {[%clk 1:25:32]} 26. Kf1 {[%clk
1:13:45]} Rdc8 {[%clk 1:25:20]} 27. Be3 {[%clk 1:10:55]} Rxb2 {[%clk 1:25:15]}
28. a4 {[%clk 1:10:05]} Rcc2 {[%clk 1:19:22]} 29. Rd1 {[%clk 1:09:32]} Kf8
{[%clk 1:18:57]} 30. Bb5 {[%clk 1:08:40]} Rc8 {[%clk 1:17:25]} 31. Rd7 {[%clk
1:07:57]} Ra8 {[%clk 1:14:33]} 32. Bc6 {[%clk 1:07:10]} Rc8 {[%clk 1:14:47]}
33. Bb5 {[%clk 1:07:22]} Ra8 {[%clk 1:15:01]} 34. Bc6 {[%clk 1:06:34]} Rc8
{[%clk 1:15:09]} 35. Bb5 {[%clk 1:06:48]} Ra8 {[%clk 1:14:39]} 36. Bc6 1/2-1/2

[Event "Deutsche Ländermeisterschaft 2014"]
[Site "Hannover GER"]
[Date "2014.10.04"]
[Round "3"]
[White "Reitz, Theresa"]
[Black "Geletzke, Hannah"]
[Result "1-0"]
[Termination "normal"]
[Board "4.8"]
[WhiteElo "1477"]
[BlackElo "1251"]
[WhiteClock "00:19:00"]
[BlackClock "00:02:19"]
[WhiteTeam "Rheinland-Pfalz"]
[BlackTeam "Thüringen"]
[PlyCount "139"]
[WhiteFideId "12971901"]
[BlackFideId "12983330"]
[EventCountry "GER"]
[EventRounds "7"]
[EventType "team-swiss"]
[EventDate "2014.10.02"]

1. e4 {[%clk 1:30:58]} e5 {[%clk 1:30:50]} 2. Nf3 {[%clk 1:31:20]} Nc6 {[%clk
1:30:55]} 3. Bb5 a6 {[%clk 1:30:54]} 4. Ba4 {[%clk 1:30:12]} Nf6 {[%clk
1:30:29]} 5. d3 {[%clk 1:30:34]} b5 {[%clk 1:30:12]} 6. Bb3 {[%clk 1:30:58]}
Be7 {[%clk 1:29:41]} 7. c3 {[%clk 1:30:59]} d6 {[%clk 1:28:48]} 8. h3 {[%clk
1:30:19]} Na5 {[%clk 1:28:09]} 9. Bc2 {[%clk 1:30:29]} c5 {[%clk 1:27:17]} 10.
Nbd2 {[%clk 1:29:52]} Nc6 {[%clk 1:26:08]} 11. Nf1 {[%clk 1:29:08]} O-O {[%clk
1:23:46]} 12. Ng3 {[%clk 1:28:04]} Re8 {[%clk 1:21:18]} 13. Nh2 {[%clk
1:27:25]} Bf8 {[%clk 1:17:53]} 14. Qf3 {[%clk 1:27:06]} h6 {[%clk 1:15:20]} 15.
Ng4 {[%clk 1:26:40]} Be7 {[%clk 1:05:41]} 16. Ne3 {[%clk 1:21:49]} Be6 {[%clk
0:56:37]} 17. Ngf5 {[%clk 1:20:33]} Bxf5 {[%clk 0:51:54]} 18. Nxf5 {[%clk
1:18:42]} Bf8 {[%clk 0:50:34]} 19. g4 {[%clk 1:15:46]} Ne7 {[%clk 0:43:46]} 20.
g5 {[%clk 1:15:06]} Nxf5 {[%clk 0:42:11]} 21. Qxf5 {[%clk 1:14:02]} hxg5 {[%clk
0:35:40]} 22. Bxg5 {[%clk 1:13:13]} Be7 {[%clk 0:31:53]} 23. Rg1 {[%clk
1:11:16]} Kf8 {[%clk 0:29:17]} 24. Bb3 {[%clk 1:07:03]} Qc8 {[%clk 0:25:46]}
25. Qf3 {[%clk 1:00:33]} Rd8 {[%clk 0:20:42]} 26. h4 {[%clk 0:55:45]} Qc6
{[%clk 0:18:10]} 27. Bxf6 {[%clk 0:52:57]} Bxf6 {[%clk 0:16:58]} 28. Bd5 {[%clk
0:53:09]} Qd7 {[%clk 0:14:52]} 29. Bxa8 {[%clk 0:53:21]} Rxa8 {[%clk 0:15:12]}
30. Qh5 {[%clk 0:51:09]} Ke7 {[%clk 0:12:22]} 31. Ke2 {[%clk 0:47:40]} g6
{[%clk 0:10:09]} 32. Qg4 {[%clk 0:46:16]} Qc7 {[%clk 0:09:07]} 33. f4 {[%clk
0:43:40]} Rh8 {[%clk 0:06:30]} 34. Rh1 {[%clk 0:42:18]} c4 {[%clk 0:05:41]} 35.
Rad1 {[%clk 0:40:47]} cxd3+ {[%clk 0:04:37]} 36. Rxd3 {[%clk 0:40:17]} Qc4
{[%clk 0:04:15]} 37. fxe5 {[%clk 0:40:23]} Bxe5 {[%clk 0:02:40]} 38. a3 {[%clk
0:37:49]} d5 {[%clk 0:02:20]} 39. Kd2 {[%clk 0:28:49]} Rd8 {[%clk 0:01:35]} 40.
Qe2 {[%clk 0:16:43]} dxe4 {[%clk 0:00:48]} 41. Rxd8 {[%clk 0:16:43]} Qxe2+
{[%clk 0:25:37]} 42. Kxe2 {[%clk 0:46:40]} Kxd8 {[%clk 0:25:34]} 43. Ke3 {[%clk
0:46:38]} f5 {[%clk 0:24:16]} 44. Rg1 {[%clk 0:46:05]} Ke7 {[%clk 0:22:39]} 45.
Rxg6 {[%clk 0:45:27]} a5 {[%clk 0:15:29]} 46. Rb6 {[%clk 0:42:41]} b4 {[%clk
0:12:38]} 47. axb4 {[%clk 0:42:20]} axb4 {[%clk 0:12:05]} 48. Rxb4 {[%clk
0:42:27]} Ke6 {[%clk 0:09:57]} 49. Rb5 {[%clk 0:40:57]} Bh2 {[%clk 0:08:57]}
50. Ra5 {[%clk 0:34:49]} Bg1+ {[%clk 0:08:59]} 51. Kf4 {[%clk 0:32:55]} Bh2+
{[%clk 0:09:27]} 52. Ke3 {[%clk 0:33:12]} Bg1+ {[%clk 0:09:47]} 53. Ke2 {[%clk
0:32:40]} f4 {[%clk 0:08:34]} 54. Rg5 {[%clk 0:29:38]} f3+ {[%clk 0:06:47]} 55.
Kf1 {[%clk 0:28:07]} Be3 {[%clk 0:06:27]} 56. Ra5 {[%clk 0:27:42]} Bf4 {[%clk
0:05:40]} 57. Kf2 {[%clk 0:26:14]} Be5 {[%clk 0:05:05]} 58. Rxe5+ {[%clk
0:25:07]} Kxe5 {[%clk 0:05:32]} 59. Ke3 {[%clk 0:24:18]} Kf5 {[%clk 0:05:29]}
60. h5 {[%clk 0:21:56]} Kg5 {[%clk 0:04:36]} 61. h6 {[%clk 0:19:40]} Kxh6
{[%clk 0:04:14]} 62. b4 {[%clk 0:18:34]} Kg5 {[%clk 0:04:21]} 63. b5 {[%clk
0:18:38]} Kg4 {[%clk 0:01:06]} 64. b6 {[%clk 0:18:38]} Kg3 {[%clk 0:00:39]} 65.
b7 {[%clk 0:18:51]} f2 {[%clk 0:00:35]} 66. b8=Q+ {[%clk 0:19:04]} Kg2 {[%clk
0:00:58]} 67. Qg8+ {[%clk 0:19:06]} Kf1 {[%clk 0:01:27]} 68. Qf8 {[%clk
0:18:53]} Kg1 {[%clk 0:01:56]} 69. Qxf2+ {[%clk 0:19:07]} Kh1 {[%clk 0:02:19]}
70. Qe2 {[%clk 0:19:00]} 1-0